Statistiken für Geographie nach Bild - L

Klicken Sie hier um das Quiz zu spielen!

Allgemein

  • Dieses Quiz wurde 1,428 mal gespielt
  • Das Durchschnittsergebnis liegt bei 13 aus 18

Antwortstatistiken

Answer % Korrekt
London
100%
Las Vegas
96%
Los Angeles
95%
Liechtenstein
94%
Leuchtturm
93%
Louvre
92%
Lesotho
87%
Libanon
83%
Lira
79%
Louisiana
77%
Lappland
73%
Luxemburg
69%
Leningrad
52%
Lagune
51%
Lima
44%
Luxor
43%
Lhasa
30%
Ladoga
26%

Verteilung der Resultate

Perzentil nach korrekt beantworteten Fragen

Anzahl Personen mit jedem Resultat

Ihre Resultats-Entwicklung

Sie haben dieses Quiz noch nicht gespielt